000 00759nam a2200241 a 4500
001 000011940
005 20250509170321.0
008 091102s1984 dr 001 0 spa d
040 _aDO-SdBNP
_bspa
_cBNPHU
082 _a370
_bM826i
100 1 _aMoquete, Jacobo
_925913
245 1 0 _aIntroducción a la educación /
_cJacobo Moquete.
250 _a9a ed.
260 _aSanto Domingo, :
_bUniversitaria,
_c1984.
300 _a211 p. ;
_c21 cm.
490 1 _aEducación y sociedad
_vv. 8
500 _aPublicaciones de la Universidad Autónoma de Santo Domingo volumen CCLXVIII
650 0 _aEducación
_951588
650 0 _aEducación
_xFilosofía
_93186
650 0 _aPedagogía
_9693
830 0 _aEducación y sociedad
_vNo. 8
_917442
049 _aBNPD
999 _c11610
_d11610